Paroles de Hit Sale - Therapie TAXI - Statistiques

Statistiques générales
  • Ce quiz a été pris 4 185 fois
    1 056 depuis la dernière actualisation
  • Le résultat moyen est 407 sur 499
Statistiques - réponses
Paroles % Correct
a
99%
à
99%
À
99%
s'
99%
d'
98%
l'
98%
T'
98%
t'
98%
T
98%
de
97%
De
97%
tu
96%
Tu
96%
es
95%
j'
95%
J'
95%
le
95%
me
95%
dans
94%
des
94%
Des
94%
Et
94%
et
94%
se
94%
tout
92%
(tout
92%
la
91%
91%
les
91%
Les
91%
ma
91%
mon
91%
Mon
91%
pour
90%
Y
90%
moi
89%
que
89%
trop
89%
bonne
88%
fois
88%
cent
87%
ton
87%
hits
86%
sales
86%
tes
86%
as
85%
ça
85%
je
85%
Je
85%
mec
85%
mille
85%
monde
85%
corps
84%
phrases
84%
Quand
84%
quand
84%
qui
84%
sur
84%
danser
83%
déraille
83%
déraille)
83%
dis
83%
facile
83%
sais
83%
nuit
81%
tête
81%
continues
80%
imaginaires
80%
Mais
80%
rêves
80%
Si
80%
cigarette
78%
oublie
78%
étais
77%
plaire
77%
ai
76%
sexe
76%
seulement
75%
un
75%
entrailles
74%
entrailles)
74%
toute
74%
bourrée
73%
comme
73%
écrase
73%
nos
73%
on
73%
Ici
72%
(Ici
72%
tord
71%
casse-dalle
70%
lolos
70%
même
69%
voit
69%
bugs
67%
pull
67%
XL
66%
mis
65%
seum
64%
suis
64%
centaines
60%
guerriers
59%
Prêts
59%
rais
59%
avais
57%
boloss
57%
contrôles
57%
du
57%
tenter
57%
faire
56%
laissé
56%
mal
56%
beau
55%
être
55%
manque
54%
pourrais
54%
application
53%
gloire
53%
voir
53%
gosse
52%
réparé
51%
vice
51%
par
48%
près
48%
bugué
47%
(bugué
47%
d'eux
47%
rendre
47%
Une
47%
sont
46%
autres
45%
dingues
45%
allumes
43%
mords
43%
GSM
42%
pensée
42%
toutes
42%
blasphèmes
41%
car
41%
docile
41%
finit
41%
odeur
40%
saigner
38%
flammes
36%
asseoir
33%
autel
31%
viscérale
30%
Aucun quiz correspondant
Distribution des résultats
% des personnes avec chaque résultat
Percentile par nombre de réponses
Votre historique - résultats
Vous n’avez pas pris ce quiz depuis la dernière actualisation